| 000 | 00680nam a2200229Ia 4500 | ||
|---|---|---|---|
| 003 | OSt | ||
| 005 | 20220925201854.0 | ||
| 006 | a|||||r|||| 00| 0 | ||
| 007 | ta | ||
| 008 | 220923b |||||||| |||| 00| 0 eng d | ||
| 037 | _cGeneral Book | ||
| 040 |
_aRTL _cRTL _beng |
||
| 041 |
_2eng _aeng |
||
| 082 | _aX9(J:24).2750k55.N7, M3 | ||
| 100 |
_aRoy T K _9262754 |
||
| 245 | 0 | _aEconomic impact of Indo German fertiliser educaito | |
| 260 |
_aDelhi _bNational Council of Applied Economic Research India _c1983 |
||
| 300 |
_a79p. _ccm. |
||
| 650 | _aSoil Industry | ||
| 942 |
_hX9(J:24).2750k55.N7, M3 _cGB _2CC |
||
| 999 |
_c541554 _d541554 |
||